|
|
|
|
| LEADER |
00000cam a22000004a 4500 |
| 001 |
musev2_76695 |
| 003 |
MdBmJHUP |
| 005 |
20230905051924.0 |
| 006 |
m o d |
| 007 |
cr||||||||nn|n |
| 008 |
040319s2003 ne o 00 0 eng d |
| 020 |
|
|
|a 9789048505180
|
| 020 |
|
|
|z 9789053565957
|
| 035 |
|
|
|a (OCoLC)1112418486
|
| 040 |
|
|
|a MdBmJHUP
|c MdBmJHUP
|
| 245 |
0 |
0 |
|a Amsterdam Human Capital /
|c Sako Musterd and Willem Salet (eds.).
|
| 264 |
|
1 |
|a Amsterdam :
|b Amsterdam University Press,
|c 2003.
|
| 264 |
|
3 |
|a Baltimore, Md. :
|b Project MUSE,
|c 2020
|
| 264 |
|
4 |
|c ©2003.
|
| 300 |
|
|
|a 1 online resource:
|b illustrations, maps
|
| 336 |
|
|
|a text
|b txt
|2 rdacontent
|
| 337 |
|
|
|a computer
|b c
|2 rdamedia
|
| 338 |
|
|
|a online resource
|b cr
|2 rdacarrier
|
| 505 |
0 |
|
|a The emergence of the regional city : spatial configuration and institutional dynamics / Sako Musterd and Willem Salet -- Amsterdam in retrospect -- Amsterdam as the "compleat citie": a city plan read in five episodes / Geert Mak -- Between civic pride and mass society : Amsterdam in retrospect / Michiel Wagenaar -- The historical roots of the daily urban system / Henk Schmal -- The economic restructuring of the historic city center / Pieter Terhorst and Jacques van de Ven -- The current state : dilemmas and perspectives -- The economic, infrastructural and environmental dilemmas of spatial development -- The Randstad : the creation of a metropolitan economy / Pieter Tordoir -- Transport and land use concepts for the emerging urban region / Luca Bertolini, Frank le Clercq, and Loek Kapoen -- Utilities as tools for shaping the city : waste management and power supply / Maarten Wolsink -- Regional greenbelts and the problem of institutional fragmentation / Marijke van Schendelen -- The social dilemmas of spatial development -- Understanding segregation in the metropolitan area of Amsterdam / Sako Musterd and Wim Ostendorf -- The metropolitan population : origin and mobility / Cees Cortie -- Amsterdam human capital : what about children? / Lia Karsten -- Public space and the homeless in Amsterdam / Leon Deben -- The political and institutional dilemmas of spatial development -- Voting in an old and a new town / Rius Deurloo, Sjoerd de Vos and Herman van der Wusten -- Spatial detachment and new challenges of metropolitan governance / Willem Salet and Martin de Jong -- Prospects of urbanity : new cultural identities? -- Landscapes of power in Amsterdam? / Rob van Engelsdorp Gastelaars -- Mixed embeddedness and post-industrial opportunity structures : trajectories of migrant entrepreneurship in Amsterdam / Robert Kloosterman -- Identity and legitimacy in the Amsterdam region / Gertjan Dijkink and Virginie Mamadouh -- Concluding considerations -- Strategic dilemmas facing the Amsterdam region / Sako Musterd and Willem Salet.
|
| 506 |
0 |
|
|a Open Access
|f Unrestricted online access
|2 star
|
| 520 |
|
|
|a An interdisciplinary study of the changing urban space of Amsterdam.
|
| 546 |
|
|
|a English.
|
| 588 |
|
|
|a Description based on print version record.
|
| 650 |
1 |
7 |
|a Sociaal-economische situatie.
|2 gtt
|
| 650 |
1 |
7 |
|a Stedelijke ontwikkeling.
|2 gtt
|
| 650 |
1 |
7 |
|a Stadsplanning.
|2 gtt
|
| 650 |
|
7 |
|a Regional planning.
|2 fast
|0 (OCoLC)fst01093120
|
| 650 |
|
7 |
|a City planning.
|2 fast
|0 (OCoLC)fst00862177
|
| 650 |
|
7 |
|a Cities and towns
|x Research.
|2 fast
|0 (OCoLC)fst00861837
|
| 650 |
|
7 |
|a BUSINESS & ECONOMICS
|x Economics
|x General.
|2 bisacsh
|
| 650 |
|
7 |
|a ARCHITECTURE
|x Buildings
|x Public, Commercial & Industrial.
|2 bisacsh
|
| 650 |
|
7 |
|a Economics, finance, business and management.
|2 bicssc
|
| 650 |
|
7 |
|a Sociology and anthropology.
|2 bicssc
|
| 650 |
|
7 |
|a Society and social sciences.
|2 bicssc
|
| 650 |
|
7 |
|a History.
|2 bicssc
|
| 650 |
|
7 |
|a Humanities.
|2 bicssc
|
| 650 |
|
0 |
|a Cities and towns
|x Research
|z Netherlands
|z Amsterdam Region.
|
| 650 |
|
0 |
|a City planning
|z Netherlands
|z Amsterdam Region.
|
| 650 |
|
0 |
|a Regional planning
|z Netherlands
|z Amsterdam Region.
|
| 651 |
|
7 |
|a Netherlands
|z Amsterdam Region.
|2 fast
|0 (OCoLC)fst01347670
|
| 655 |
|
7 |
|a Electronic books.
|2 local
|
| 700 |
1 |
|
|a Salet, W. G. M.
|
| 700 |
1 |
|
|a Musterd, Sako.
|
| 710 |
2 |
|
|a Project Muse.
|e distributor
|
| 830 |
|
0 |
|a Book collections on Project MUSE.
|
| 856 |
4 |
0 |
|z Texto completo
|u https://projectmuse.uam.elogim.com/book/76695/
|